El placer estético del terror : tres cuentos de Edgar Allan Poe /

Salvato in:
Dettagli Bibliografici
Autore principale: Llácer Lorca, Eusebio (autor.)
Natura: eBook
Lingua:spagnolo
Pubblicazione: Valencia (España) : Publicacions de la Universitat de València, 2022.
Soggetti:
Accesso online:https://elibro.unach.elogim.com/es/lc/unach/titulos/289986
Tags: Aggiungi Tag
Nessun Tag, puoi essere il primo ad aggiungerne!!

MARC

LEADER 00000nam a2200000 i 4500
001 ELB289986
003 FINmELB
005 20251205210500.0
006 m o d |
007 cr cnu||||||||
008 251125s2022 sp o 001 0 spa d
020 |a 9788411180863  |q (e-book) 
035 |a (OCoLC)1564683066 
040 |a FINmELB  |b spa  |e rda  |c FINmELB 
050 4 |a PS2609  |b L53 2022 
080 |a 821.111(73) 
082 0 4 |a 813  |2 23 
100 1 |a Llácer Lorca, Eusebio,  |e autor. 
245 1 3 |a El placer estético del terror :  |b tres cuentos de Edgar Allan Poe /  |c Eusebio Llácer Lorca. 
264 1 |a Valencia (España) :  |b Publicacions de la Universitat de València,  |c 2022. 
300 |a 1 recurso en línea (125 páginas) 
336 |a texto  |b txt  |2 rdacontent/spa 
337 |a computadora  |b c  |2 rdamedia/spa 
338 |a recurso en línea  |b cr  |2 rdacarrier/spa 
500 |a Incluye índice. 
588 |a Descripción basada en metadatos suministrados por el editor y otras fuentes. 
590 |a Recurso electrónico. Santa Fe, Arg.: elibro, 2025. Disponible vía World Wide Web. El acceso puede estar limitado para las bibliotecas afiliadas a elibro. 
600 1 4 |a Poe, Edgar Allan,  |d 1809-1849  |x Crítica e interpretación. 
650 4 |a Cuentos de terror norteamericanos  |v Crítica. 
655 4 |a Libros electrónicos. 
797 2 |a elibro, Corp. 
856 4 0 |u https://elibro.unach.elogim.com/es/lc/unach/titulos/289986